Wonder of the World - Statistics

General Stats
  • This quiz has been taken 10 times
  • The average score is 9 of 14
Answer Stats
Period Country Answer % Correct
New China Great Wall of China
100%
New India Taj Mahal
89%
New Brazil Christ the Redeemer
78%
New Italy Colosseum
78%
Ancient Egypt Great Pyramid of Giza
78%
Ancient Greece Colossus of Rhodes
67%
Ancient Iraq Hanging Gardens of Babylon
67%
Ancient Egypt Lighthouse of Alexandria
67%
New Peru Machu Picchu
67%
New Mexico Chichén Itzá
56%
New Jordan Petra
56%
Ancient Turkey Temple of Artemis at Ephesus
56%
Ancient Greece Statue of Zeus at Olympia
44%
Ancient Turkey Mausoleum at Halicarnassus
22%
No matching quizzes found
Score Distribution
Percent of People with Each Score
Percentile by Number Answered
Your Score History
You have not taken this quiz